000 00244nam a2200097Ia 4500
008 240331s9999 xx 000 0 und d
082 _bTHA
100 _aThaper, Romila
245 0 _aCommunalism and the historical legacy :
_bsome facets
942 _cL
999 _c2310
_d2310